Floods famines and emperors: El Nino and the fate of civilizations (Record no. 43632)

MARC details
000 -LEADER
fixed length control field 00756nam a2200181 a 4500
008 - FIXED-LENGTH DATA ELEMENTS--GENERAL INFORMATION
fixed length control field 200806s1999 ||||||||||||||||| || u
020 ## - INTERNATIONAL STANDARD BOOK NUMBER
International Standard Book Number 9780712664783
050 ## - LIBRARY OF CONGRESS CALL NUMBER
Classification number GC 296.8 .E4 Fag
100 ## - MAIN ENTRY--PERSONAL NAME
Personal name Fagan, Brian
245 10 - TITLE STATEMENT
Title Floods famines and emperors: El Nino and the fate of civilizations
Statement of responsibility, etc. By Brian Fagan
260 ## - PUBLICATION, DISTRIBUTION, ETC.
Place of publication, distribution, etc. London
Name of publisher, distributor, etc. Pimlico
Date of publication, distribution, etc. 1999
300 ## - PHYSICAL DESCRIPTION
Extent xix, 284 pages : illustrations
650 ## - SUBJECT ADDED ENTRY--TOPICAL TERM
Topical term or geographic name entry element HUMAN BEINGS--EFFECTS OF ENVIRONMENT ON
650 ## - SUBJECT ADDED ENTRY--TOPICAL TERM
Topical term or geographic name entry element PACIFIC OCEAN--EL NINO CURRENT
650 ## - SUBJECT ADDED ENTRY--TOPICAL TERM
Topical term or geographic name entry element CLIMATIC CHANGES--SOCIAL ASPECTS--ZAMBIA
650 ## - SUBJECT ADDED ENTRY--TOPICAL TERM
Topical term or geographic name entry element CLIMATE AND CIVILIZATION
995 ## - RECOMMENDATION 995 [LOCAL, UNIMARC FRANCE]
-- 5.50
-- CBU-MAIN LIBRARY (Kitwe)
-- 1
-- AVAILABLE
-- Aug 7, 2020
-- Main Library Open Access Collection
Holdings
Withdrawn status Lost status Source of classification or shelving scheme Damaged status Not for loan Home library Current library Shelving location Date acquired Total Checkouts Full call number Barcode Date last seen Price effective from Koha item type
          CBU-MAIN LIBRARY, KITWE. CBU-MAIN LIBRARY, KITWE.   11/30/2022   GC 296.8 .E4 Fag 750181 11/30/2022 11/30/2022 MONOGRAPH